| 000 | 00544aam a2200205 4500 | ||
|---|---|---|---|
| 001 | 7372 | ||
| 003 | Uk | ||
| 005 | 20250609150413.0 | ||
| 006 | m || d | | ||
| 007 | cr ||||||||||| | ||
| 008 | 040401s2004 enka ob 001 0 eng | ||
| 020 | _a9780521270939 | ||
| 082 | 0 | 4 | _a302.12 CON |
| 100 | 1 | _aConnerton, Paul. | |
| 245 | 1 | 0 | _aHow societies remember. |
| 260 |
_aLondon : _bCambridge University Press, _c1995. |
||
| 300 |
_avi, 119 p. : _bill, : _c25 cm. |
||
| 504 | _aIncludes bibliographical references and index. | ||
| 942 |
_2ddc _cMAIN |
||
| 999 |
_c10331 _d10332 |
||